[Event "Pozarevac Rudar FM 02"]
[Site "Pozarevac"]
[Date "2024.02.09"]
[Round "2"]
[White "Chaitanya, Sairam Mogili"]
[Black "Milunovic, Toni"]
[Result "1-0"]
[WhiteElo "1972"]
[BlackElo "2117"]
[PlyCount "65"]
[EventDate "2024.02.08"]
[EventType "schev"]
[EventRounds "10"]
[EventCountry "SRB"]
[SourceTitle "CB08_2024"]
[SourceDate "2024.02.21"]
[SourceVersion "1"]
[SourceVersionDate "2024.02.21"]
[SourceQuality "1"]
[WhiteTeam "Team B"]
[BlackTeam "Team A"]
[WhiteTeamCountry "SRB"]
[BlackTeamCountry "SRB"]

1. d4 Nf6 2. c4 e6 3. Nc3 Bb4 4. Qc2 c5 5. dxc5 Na6 6. a3 Bxc5 7. b4 Be7 8. Nf3 b6 9. e4 d6 10. Bf4 e5 11. Bg5 Nc7 12. Rd1 Bd7 13. Be2 Qc8 14. Qd3 Bc6 15. 0-0 Ne6 16. Bc1 0-0 17. Nd5 Qb7 18. Nxe7+ Qxe7 19. Qxd6 Qxd6 20. Rxd6 Bxe4 21. Nxe5 Rfd8 22. Rfd1 Rxd6 23. Rxd6 Kf8 24. f3 Bb7 25. Be3 Ke7 26. Rd1 Rc8 27. Kf2 Rc7 28. a4 h6 29. Ra1 Nd7 30. Nxd7 Rxd7 31. a5 bxa5 32. Rxa5 a6 33. c5 1-0

[Event "Pozarevac Rudar FM 02"]
[Site "Pozarevac"]
[Date "2024.02.08"]
[Round "1"]
[White "Rajkovic, Aleksandar"]
[Black "Chaitanya, Sairam Mogili"]
[Result "1/2-1/2"]
[WhiteElo "2055"]
[BlackElo "1972"]
[PlyCount "31"]
[EventDate "2024.02.08"]
[EventType "schev"]
[EventRounds "10"]
[EventCountry "SRB"]
[SourceTitle "CB08_2024"]
[SourceDate "2024.02.21"]
[SourceVersion "1"]
[SourceVersionDate "2024.02.21"]
[SourceQuality "1"]
[WhiteTeam "Team A"]
[BlackTeam "Team B"]
[WhiteTeamCountry "SRB"]
[BlackTeamCountry "SRB"]

1. e4 e6 2. d4 d5 3. Nc3 Nf6 4. Bg5 Bb4 5. e5 h6 6. Bd2 Bxc3 7. Bxc3 Ne4 8. Nf3 c5 9. Bb5+ Bd7 10. Bxd7+ Nxd7 11. 0-0 Nxc3 12. bxc3 cxd4 13. Qxd4 Qc7 14. Qb4 b6 15. Nd4 Qc5 16. f4 1/2-1/2

[Event "Pozarevac Rudar FM-B 01"]
[Site "Pozarevac"]
[Date "2024.02.06"]
[Round "9.5"]
[White "Tosic, Nebojsa"]
[Black "Chaitanya, Sairam Mogili"]
[Result "0-1"]
[WhiteElo "1944"]
[BlackElo "1938"]
[PlyCount "56"]
[EventDate "2024.01.31"]
[EventType "tourn"]
[EventRounds "10"]
[EventCountry "SRB"]
[SourceTitle "CB07_2024"]
[SourceDate "2024.02.14"]
[SourceVersion "1"]
[SourceVersionDate "2024.02.14"]
[SourceQuality "1"]
[WhiteTeam "TIeam A"]
[BlackTeam "TIeam B"]
[WhiteTeamCountry "SRB"]
[BlackTeamCountry "SRB"]

1. d4 d5 2. Nc3 Nf6 3. Bf4 a6 4. f3 c5 5. dxc5 e6 6. e4 Bxc5 7. exd5 Bxg1 8. Rxg1 Qb6 9. Ne2 Qxb2 10. dxe6 Bxe6 11. Rb1 Qxa2 12. Rxb7 0-0 13. Kf2 Nc6 14. Nc1 Qa4 15. g3 Rfd8 16. Bd3 Na5 17. Rb1 Nd5 18. Bd2 Qd4+ 19. Kg2 Nc4 20. Qe2 Nxd2 21. Qxd2 Ne3+ 22. Kh1 Bd5 23. Qf2 Ng4 24. Qf1 Re8 25. Ne2 Qe3 26. Kg2 Ne5 27. Qf2 Bxf3+ 28. Kf1 Nxd3 0-1

[Event "Pozarevac Rudar FM-B 01"]
[Site "Pozarevac"]
[Date "2024.02.02"]
[Round "3.1"]
[White "Milunovic, Toni"]
[Black "Chaitanya, Sairam Mogili"]
[Result "1/2-1/2"]
[WhiteElo "2117"]
[BlackElo "1938"]
[PlyCount "26"]
[EventDate "2024.01.31"]
[EventType "tourn"]
[EventRounds "10"]
[EventCountry "SRB"]
[SourceTitle "CB07_2024"]
[SourceDate "2024.02.14"]
[SourceVersion "1"]
[SourceVersionDate "2024.02.14"]
[SourceQuality "1"]
[WhiteTeam "TIeam A"]
[BlackTeam "TIeam B"]
[WhiteTeamCountry "SRB"]
[BlackTeamCountry "SRB"]

1. Nf3 d5 2. g3 Nf6 3. Bg2 e6 4. 0-0 c5 5. c4 dxc4 6. Na3 Nc6 7. Nxc4 Be7 8. d3 0-0 9. a3 Bd7 10. Bf4 Nd5 11. Bc1 Nf6 12. Bf4 Nd5 13. Bc1 Nf6 1/2-1/2

[Event "Pozarevac Rudar FM-B 01"]
[Site "Pozarevac"]
[Date "2024.02.01"]
[Round "2.2"]
[White "Chaitanya, Sairam Mogili"]
[Black "Rajkovic, Aleksandar"]
[Result "1/2-1/2"]
[WhiteElo "1938"]
[BlackElo "2055"]
[PlyCount "41"]
[EventDate "2024.01.31"]
[EventType "tourn"]
[EventRounds "10"]
[EventCountry "SRB"]
[SourceTitle "CB07_2024"]
[SourceDate "2024.02.14"]
[SourceVersion "1"]
[SourceVersionDate "2024.02.14"]
[SourceQuality "1"]
[WhiteTeam "TIeam B"]
[BlackTeam "TIeam A"]
[WhiteTeamCountry "SRB"]
[BlackTeamCountry "SRB"]

1. d4 d5 2. c4 c6 3. e3 Nf6 4. Nc3 a6 5. Nge2 b5 6. cxd5 cxd5 7. a4 b4 8. Nb1 a5 9. g3 Bf5 10. Bg2 e6 11. 0-0 Be7 12. Nd2 0-0 13. b3 Nbd7 14. Bb2 Rc8 15. Rc1 Rxc1 16. Qxc1 Qc8 17. Qxc8 Rxc8 18. Rc1 Rxc1+ 19. Nxc1 Kf8 20. Kf1 h5 21. h3 1/2-1/2

[Event "Pozarevac Rudar FM 01"]
[Site "Pozarevac"]
[Date "2024.01.27"]
[Round "4.4"]
[White "Chaitanya, Sairam Mogili"]
[Black "Tosic, Nebojsa"]
[Result "1/2-1/2"]
[WhiteElo "1938"]
[BlackElo "1944"]
[PlyCount "51"]
[EventDate "2024.01.24"]
[EventType "schev"]
[EventRounds "10"]
[EventCountry "SRB"]
[SourceTitle "CB06_2024"]
[SourceDate "2024.02.07"]
[SourceVersion "1"]
[SourceVersionDate "2024.02.07"]
[SourceQuality "1"]
[WhiteTeam "Team B"]
[BlackTeam "Team A"]
[WhiteTeamCountry "SRB"]
[BlackTeamCountry "SRB"]

1. d4 Nf6 2. c4 c5 3. d5 b5 4. cxb5 a6 5. e3 e6 6. Nc3 Bb7 7. dxe6 fxe6 8. Nf3 Be7 9. Be2 0-0 10. bxa6 Nxa6 11. 0-0 Qe8 12. b3 Qg6 13. Bb2 Kh8 14. Qb1 Qh6 15. Nd2 d5 16. Rd1 Nc7 17. Nf1 Rf7 18. Qc2 Raf8 19. f3 Bd6 20. Qd2 Ng4 21. h3 Ne5 22. f4 Ng6 23. Ne4 Nxf4 24. Nxd6 Nxh3+ 25. gxh3 Rf2 26. Bg4 1/2-1/2

[Event "Pozarevac Rudar FM 01"]
[Site "Pozarevac"]
[Date "2024.01.26"]
[Round "3.5"]
[White "Jovanovic, Drasko"]
[Black "Chaitanya, Sairam Mogili"]
[Result "1/2-1/2"]
[WhiteElo "2151"]
[BlackElo "1938"]
[PlyCount "86"]
[EventDate "2024.01.24"]
[EventType "schev"]
[EventRounds "10"]
[EventCountry "SRB"]
[SourceTitle "CB06_2024"]
[SourceDate "2024.02.07"]
[SourceVersion "1"]
[SourceVersionDate "2024.02.07"]
[SourceQuality "1"]
[WhiteTeam "Team A"]
[BlackTeam "Team B"]
[WhiteTeamCountry "SRB"]
[BlackTeamCountry "SRB"]

1. d4 d5 2. c4 e6 3. e3 Nf6 4. Nf3 Be7 5. b3 0-0 6. Bd3 c5 7. 0-0 dxc4 8. bxc4 cxd4 9. exd4 Nc6 10. Nc3 b6 11. Bf4 g6 12. Be2 Na5 13. Nb5 Bb7 14. c5 Nd5 15. Bd6 a6 16. Bxe7 Qxe7 17. Nd6 bxc5 18. dxc5 Nc3 19. Qd2 Nxe2+ 20. Qxe2 Bd5 21. Rfd1 Qc7 22. Rac1 Nb7 23. Ne4 f6 24. c6 Nd8 25. Nc3 Bxc6 26. Nd4 Qf7 27. Nxc6 Nxc6 28. Ne4 Nd8 29. Rd6 Qb7 30. Rcd1 Qb5 31. Qe3 Nb7 32. Rb6 Rad8 33. Nd6 Qa4 34. Qxe6+ Kh8 35. Rf1 Nxd6 36. Rxd6 Rxd6 37. Qxd6 Kg7 38. h3 Qxa2 39. Rc1 a5 40. g4 a4 41. Qd4 Qa3 42. Rc3 Qe7 43. Re3 Qb7 1/2-1/2

[Event "Gujarat op 2nd"]
[Site "Ahmedabad"]
[Date "2019.09.27"]
[Round "8"]
[White "Jay, Kundalia"]
[Black "Chaitanya, Sairam Mogili"]
[Result "1-0"]
[WhiteElo "2097"]
[BlackElo "1908"]
[PlyCount "67"]
[EventDate "2019.09.22"]
[EventType "swiss"]
[EventRounds "10"]
[EventCountry "IND"]
[SourceTitle "EXT 2020"]
[Source "ChessBase"]
[SourceDate "2019.10.17"]
[SourceVersion "1"]
[SourceVersionDate "2019.10.17"]
[SourceQuality "1"]

1. e4 e6 2. d4 d5 3. Nc3 dxe4 4. Nxe4 Bd7 5. Nf3 Bc6 6. Bd3 Nd7 7. c3 Ngf6 8. Nxf6+ Nxf6 9. Bf4 Bxf3 10. Qxf3 c6 11. 0-0 Bd6 12. Be5 0-0 13. Rad1 Qe7 14. Rfe1 Rad8 15. a3 Rd7 16. Qh3 g6 17. Qf3 Ne8 18. g3 Ng7 19. Bf6 Qe8 20. d5 Qc8 21. dxc6 Qxc6 22. Qxc6 bxc6 23. Be4 Rc8 24. b4 Ne8 25. Bg5 f6 26. Be3 Kf7 27. c4 Ke7 28. f4 c5 29. b5 Ng7 30. g4 e5 31. Bc6 Rdc7 32. fxe5 Bxe5 33. Bxc5+ Kf7 34. Bd5+ 1-0

[Event "Gujarat op 2nd"]
[Site "Ahmedabad"]
[Date "2019.09.25"]
[Round "5"]
[White "Chaitanya, Sairam Mogili"]
[Black "Mehdi, Hasan Parag"]
[Result "1/2-1/2"]
[WhiteElo "1908"]
[BlackElo "2183"]
[PlyCount "88"]
[EventDate "2019.09.22"]
[EventType "swiss"]
[EventRounds "10"]
[EventCountry "IND"]
[SourceTitle "EXT 2020"]
[Source "ChessBase"]
[SourceDate "2019.10.17"]
[SourceVersion "1"]
[SourceVersionDate "2019.10.17"]
[SourceQuality "1"]

1. d4 Nf6 2. Nf3 d5 3. Bf4 e6 4. e3 Bd6 5. Bg3 0-0 6. Nbd2 c5 7. c3 Qc7 8. Bd3 Nbd7 9. Bxd6 Qxd6 10. 0-0 e5 11. dxe5 Nxe5 12. Nxe5 Qxe5 13. Nf3 Qc7 14. c4 dxc4 15. Bxc4 Bg4 16. Be2 Rac8 17. h3 Bf5 18. Qb3 h6 19. Rfc1 Qe7 20. a4 Be4 21. Nd2 Bc6 22. Bf3 Rfd8 23. Rd1 Nd5 24. Nc4 Nb4 25. Bxc6 Rxc6 26. Rxd8+ Qxd8 27. Ne5 Rc7 28. Rd1 Qe7 29. f4 Nc6 30. Nxc6 Rxc6 31. Qd3 Rb6 32. Qd8+ Qxd8 33. Rxd8+ Kh7 34. Rc8 Rxb2 35. Rxc5 Kg6 36. Kh2 Kf6 37. Kg3 Ke6 38. Rc7 a5 39. Kf3 Rb4 40. g4 b6 41. Rb7 g6 42. h4 Kf6 43. g5+ hxg5 44. hxg5+ Ke6 1/2-1/2

[Event "Commonwealth-ch U18"]
[Site "New Delhi"]
[Date "2018.06.27"]
[Round "2"]
[White "Chaitanya, Sairam Mogili"]
[Black "Harshavardhan, GB."]
[Result "0-1"]
[WhiteElo "1855"]
[BlackElo "2194"]
[PlyCount "74"]
[EventDate "2018.06.26"]
[EventType "swiss"]
[EventRounds "7"]
[EventCountry "IND"]
[SourceTitle "EXT 2019"]
[Source "ChessBase"]
[SourceDate "2018.10.10"]
[SourceVersion "1"]
[SourceVersionDate "2018.10.10"]
[SourceQuality "1"]

1. e4 c5 2. Nf3 e6 3. d4 cxd4 4. Nxd4 a6 5. g3 d5 6. Nf3 Bc5 7. exd5 exd5 8. Bg2 Nf6 9. 0-0 Be6 10. Nbd2 Nc6 11. Nb3 Ba7 12. Nbd4 Qd7 13. Re1 0-0 14. c3 Rae8 15. Be3 Bg4 16. Nc2 Bxe3 17. Nxe3 Bh5 18. Qd2 Rd8 19. Nd4 Bg6 20. Rad1 Be4 21. f3 Bg6 22. g4 Rfe8 23. Nef5 Nxd4 24. Nxd4 h5 25. h3 Qd6 26. g5 Nh7 27. f4 Be4 28. Bxe4 dxe4 29. Qe3 g6 30. Rd2 Nf8 31. Red1 Qb8 32. Ne2 Rxd2 33. Rxd2 Ne6 34. Rd7 Qc8 35. Rd5 Ng7 36. Re5 Rxe5 37. fxe5 h4 0-1

[Event "IND-ch U17"]
[Site "Saravanampatty"]
[Date "2017.10.25"]
[Round "3"]
[White "Erigaisi, Arjun Kumar"]
[Black "Chaitanya, Sairam Mogili"]
[Result "0-1"]
[WhiteElo "2354"]
[BlackElo "1837"]
[PlyCount "64"]
[EventDate "2017.10.24"]
[EventType "swiss"]
[EventRounds "11"]
[EventCountry "IND"]
[SourceTitle "CBM 181 Extra"]
[Source "ChessBase"]
[SourceDate "2017.12.12"]
[SourceVersion "1"]
[SourceVersionDate "2017.12.12"]
[SourceQuality "1"]

1. d4 d5 2. c4 c6 3. Nc3 Nf6 4. e3 e6 5. Nf3 Nbd7 6. Bd3 dxc4 7. Bxc4 b5 8. Bd3 Bb7 9. e4 b4 10. Na4 c5 11. e5 Nd5 12. 0-0 Rc8 13. Ng5 Be7 14. Qh5 g6 15. Qh6 Bf8 16. Qh3 cxd4 17. Bd2 Be7 18. Nxe6 fxe6 19. Qxe6 Qa5 20. b3 Rc6 21. Qh3 Nxe5 22. Be4 0-0 23. f4 Bc8 24. f5 Rcf6 25. Bh6 R8f7 26. Qg3 Ne3 27. Bxe3 dxe3 28. Rfd1 Bxf5 29. Bd5 Be6 30. Qxe5 Bxd5 31. Rxd5 e2 32. Qb8+ Kg7 0-1

[Event "IND-ch U19"]
[Site "Kankarbagh"]
[Date "2017.09.04"]
[Round "2"]
[White "Chaitanya, Sairam Mogili"]
[Black "Muthaiah, Al"]
[Result "0-1"]
[WhiteElo "1887"]
[BlackElo "2364"]
[PlyCount "82"]
[EventDate "2017.09.03"]
[EventType "swiss"]
[EventRounds "11"]
[EventCountry "IND"]
[SourceTitle "CBM 180 Extra"]
[Source "ChessBase"]
[SourceDate "2017.10.06"]
[SourceVersion "1"]
[SourceVersionDate "2017.10.06"]
[SourceQuality "1"]

1. e4 c5 2. Nf3 e6 3. c3 d5 4. e5 Nc6 5. d4 Qb6 6. Be2 Nh6 7. Bxh6 gxh6 8. Qd2 Bd7 9. 0-0 0-0-0 10. a3 c4 11. Qc2 Na5 12. Nbd2 Kb8 13. Ne1 Be7 14. f4 f6 15. Bh5 f5 16. Be2 Rhg8 17. Rf3 Rg4 18. Rf2 Rg7 19. Rf3 h5 20. Rh3 h4 21. Bh5 Be8 22. Bxe8 Rxe8 23. Nf1 Reg8 24. Rd1 Qd8 25. Qf2 Qe8 26. Ne3 Qh5 27. Nf3 Rg4 28. Ne1 R4g6 29. Qf3 Qh6 30. Qf2 Nb3 31. Kf1 a6 32. Ke2 Qh5+ 33. Qf3 Rg4 34. Kf2 Qh6 35. Nxg4 fxg4 36. Qe3 gxh3 37. gxh3 Qg6 38. Qf3 Qg1+ 39. Ke2 Qxh2+ 40. Qf2 Qxh3 41. Qf3 Qf5 0-1